000 00382pab a2200157 454500
008 180718b2009 xxu||||| |||| 00| 0 eng d
100 _aBanerjee, Sumanta
245 _aThe Maoists, elections, boycotts and violence
260 _c2009
300 _ap.8-10.
362 _a2 May
650 _aElections
773 _aEconomic and Political Weekly
908 _aN
909 _a82185
999 _c82185
_d82185